| 000 | 00861nam a22002651 4500 | ||
|---|---|---|---|
| 001 | 8822 | ||
| 003 | BD-RjUL | ||
| 005 | 20211208234647.0 | ||
| 008 | 140111s1962 ii a b 000 0 eng d | ||
| 035 | _a(BD-RjUL) 8867 | ||
| 040 |
_aDLC/ICU _cICU _dDLC _dBD-RjUL _beng |
||
| 041 | 1 | _aengrus | |
| 082 | 0 | 0 |
_220 _a515 _bKRC 1962 |
| 100 | 1 |
_aKrasnoselsky, M. A. _q(Mark Aleksandrovich), _d1920- _920545 |
|
| 245 | 1 | 0 |
_aConvex functions and Orlicz spaces / _c[by] M. A. Krasnoselsky and Y. B. Rutitsky (Authorised translation from Russian). |
| 260 |
_aIndia : _bHindustan Pub., _c1962. |
||
| 300 |
_aiii, 262 p. : _billus. ; _c23 cm. |
||
| 504 | _aIncludes bibliography. | ||
| 650 | 0 |
_aFunctional analysis. _920546 |
|
| 650 | 0 |
_aConvex functions. _920547 |
|
| 700 | 1 |
_aRutitsky, Y. B. _920548 |
|
| 942 |
_2ddc _cBK |
||
| 999 |
_c8822 _d8822 |
||